000 01708nam a2200349 a 4500
001 ebr10476176
003 CaPaEBR
006 m u
007 cr cn|||||||||
008 060530s2006 pau sb 000 0 eng d
010 _z 2006017798
020 _z9781599471068 (pbk. : alk. paper)
020 _z159947106X (pbk. : alk. paper)
020 _z9781599471921 (e-book)
040 _aCaPaEBR
_cCaPaEBR
035 _a(OCoLC)730525566
050 1 4 _aBJ1533.K5
_bK64 2006eb
082 0 4 _a177/.7
_222
100 1 _aKoenig, Harold G.
_q(Harold George),
_d1951-
245 1 0 _aKindness and joy
_h[electronic resource] :
_bexpressing the gentle love /
_cHarold G. Koenig.
260 _aPhiladelphia :
_bTempleton Foundation Press,
_c2006.
300 _axii, 107 p.
504 _aIncludes bibliographical references.
505 0 _aKindness, the gentle generous love -- What kindness is not -- The opposite of kindness -- The divine love -- Why kindness is important -- Joy, the sacred emotion -- How kindness results in joy -- The double blessing -- When joy doesn't result -- Barriers to kindness -- Practicing kindness -- Being kind to strangers and friends -- Being kind at work -- Being kind to family -- Helping others experience the joy of kindness.
533 _aElectronic reproduction.
_bPalo Alto, Calif. :
_cebrary,
_d2013.
_nAvailable via World Wide Web.
_nAccess may be limited to ebrary affiliated libraries.
650 0 _aKindness.
650 0 _aCharity.
650 0 _aJoy.
655 7 _aElectronic books.
_2local
710 2 _aebrary, Inc.
856 4 0 _uhttp://site.ebrary.com/lib/rucke/Doc?id=10476176
_zAn electronic book accessible through the World Wide Web; click to view
999 _c216197
_d216197